| 000 | 00851nam a2200241 i 4500 | ||
|---|---|---|---|
| 001 | 142640 | ||
| 003 | ES-MaACL | ||
| 005 | 20250717081033.0 | ||
| 007 | t| | ||
| 008 | 071009s1904 sp ||||1| spa d | ||
| 080 | _a612.34 | ||
| 080 | _a616.37 | ||
| 100 | 1 |
_aVilarrasa Juliá, Gerónimo. _9114823 |
|
| 245 | 1 | 0 |
_aFisiología normal y patológica de la glándula pancreática / _cpor Gerónimo Vilarrasa Juliá. |
| 260 |
_a[Madrid] : _bFacultad de Medicina de la Universidad Central, _c1904 ( _fImp. de Manuel Tasis) |
||
| 300 |
_a53 p. ; _c26 cm. |
||
| 502 | _aTesis-Univ. Central de Madrid. | ||
| 650 | 1 | 4 |
_aPáncreas- _xEfectos de las radiaciones. _915813 |
| 650 | 1 | 4 |
_aPáncreas- _xEnfermedades. _915814 |
| 710 | 2 |
_aUniversidad Central (Madrid). _bFacultad de Medicina _97093 |
|
| 852 |
_aES-MaACL _jT-1131-F-4 |
||
| 999 |
_c142640 _d142640 |
||